000 00807cam a2200265 4500
001 sa 68013733
003 DLC
005 20260227112624.0
008 691202s1966 ii a 00010 eng
010 _asa 68013733 /MN/r882
025 _aPL480:I-E-10457
041 0 _aengtel
050 0 _aML410.T98
_bS7
082 _a784/.0924
100 1 0 _aSrinivasarao, N.,
_d1891-
245 1 0 _aTyagaraja Krities visualised
_c[by] N. Srinivasarao.
250 _a[1st ed.]
260 0 _aBerhampur,
_bGanjam [dist.,
_c1966]
300 _avii, 62, viii, ii p.
_billus. (part col.)
_c23 cm.
350 _a12.00
500 _aIncludes selected musical compositions of Tyagaraja Swami.
500 _aEnglish and Telugu.
600 0 0 _aTyāgarāja,
_cSwami,
_d1767-1847.
700 0 0 _aTyāgarāja,
_cSwami,
_d1767-1847.
999 _c85302
_d85302